| 000 | 01549nam a22002657a 4500 | ||
|---|---|---|---|
| 003 | MN-UlNLM | ||
| 005 | 20260302112849.0 | ||
| 008 | 260302s2021 mp ||||| |||| 00| 0 mon d | ||
| 020 | _a9789919244415 | ||
| 040 |
_aӨмнөговь аймгийн Нийтийн номын сан _cMN-UlNLM _dMN-UlNLM _erda |
||
| 043 | _aa-mp--- | ||
| 084 |
_2NNA _a84(5Мон)я-44 _bЭ739 _q84 |
||
| 245 | 0 |
_aЭрдэмтэн зохиолч Э.Оюун: Бүтээлийн цоморлиг II _cЭмхэтгэсэн: Ж.Ууганбаяр _cРедактор: Г.Билгүүдэй _cЗөвлөх: На.Болд _cОрчуулсан: С.Цэрэндорж _cОрчуулгын редактор: Ц.Нямсүрэн _cХэвлэлд бэлтгэсэн: Ц.Хулан |
|
| 264 |
_aУлаанбаатар хот _bЖиком пресс ХХК _c2021 |
||
| 300 |
_a374 хуудастай _c25 см |
||
| 336 |
_2rdaconnect _atext _btxt |
||
| 337 |
_2rdamedia _aunmediated _bn |
||
| 338 |
_2rdacarrier _avolume _bnc |
||
| 440 |
_aБүтээлийн цоморлиг _n2 |
||
| 500 | _aМонгол Улсад орчин цагийн соёл урлаг үүссэний 100 жил, Мэргэжлийн урлагийн байгууллага байгуулагдсаны 90 жил, Эрдэмтэн, зохиолч Э.Оюуны мэндэлсний 105 жилийн ойд зориулсан бүтээл. | ||
| 505 | _aНомзүйтэй (хуудас 361-369) | ||
| 546 | _bМонгол цагаан толгой | ||
| 880 | _6245-01(N | ||
| 942 |
_2NNA _cBK |
||
| 999 |
_c1156067 _d1156124 |
||